000 00893nam a2200265 a 4500
999 _c2459
_d2459
008 200319s2014 ii ad||g m|||a00| 0 eng d
040 _aKO
_beng
041 0 _aeng
044 _aii
082 0 4 _223
_a378.242
_bIRM1309
100 1 _aCeejan, Joseph
_eResearcher
245 3 0 _aAn Overall Study of the Organisation NYK-Line India Ltd, Cochin /
_cJoseph Ceejan ; Guide Dr. Jayan P. A.
260 _aKochi :
_bIndian Maritime University,
_c2014
300 _a75 p. :
_bill., charts ;
_c29 cm.
490 0 _aMBA Internship 2013-15 ;
_v13500082010
502 _aInternship (MBA)–Indian Maritime University. School of Maritime Management, 2014.
610 2 0 _aNYK-Line India Ltd, Cochin
650 0 _aContainer terminals
650 0 _aShipping
655 7 _2lcsh
_aDissertations, Academic
_y2014
700 1 _aP. A., Jayan
_cDr.
_eGuide
904 _aReshma_R
942 _cTH